| 000 | nam a22 7a 4500 | ||
|---|---|---|---|
| 999 |
_c7218 _d7218 |
||
| 003 | OSt | ||
| 005 | 20190515134716.0 | ||
| 008 | 190515e201903 spca||| ||||| 0|0 0 cat|d | ||
| 017 |
_aDL B 4182-2019 _bBiblioteca de Catalunya |
||
| 020 | _a9788417188832 | ||
| 040 |
_aES-BaUB _bcat _cCDMR |
||
| 100 | 1 | _aGalmés Martí, Antoni, | |
| 245 | 1 | 0 |
_aLila _b: història gràfica d'una lluita / _cToni Galmés, M. Àngels Cabré ; pròleg de Paula Bonet |
| 260 |
_aBarcelona : _bComanegra, _c2019 |
||
| 300 |
_a159 p. : _bil ; _c24 cm |
||
| 650 | 7 |
_aFeminisme _xHistòria _xCartells _2lemac |
|
| 650 | 7 |
_aFeminisme en l'art _xAspectes socials _2lemac |
|
| 650 | 7 |
_aDrets de les dones _xHistòria _2lemac |
|
| 650 | 7 |
_aGrafisme _xDiferències entre sexes _xHistòria _2lemac |
|
| 700 | 1 |
_aCabré, Ma. Ángeles, _d1968- |
|
| 700 | 1 |
_aBonet, Paula, _d1980- |
|
| 942 | _cMON | ||